Normal view
MARC view
- Ahmed Nadeem Qasmi, Qasmi, Ahmed Nadeem
Entry Personal Name
001 - CONTROL NUMBER
- control field: 66401
003 - CONTROL NUMBER IDENTIFIER
- control field: NUST
005 - DATE AND TIME OF LATEST TRANSACTION
- control field: 20210628203603.0
008 - FIXED-LENGTH DATA ELEMENTS
- fixed length control field: 210628|| aca||aabn | a|a d
040 ## - CATALOGING SOURCE
- Original cataloging agency: NUST
- Transcribing agency: NUST
100 ## - HEADING--PERSONAL NAME
- Personal name: Ahmed Nadeem Qasmi, Qasmi, Ahmed Nadeem
670 ## - SOURCE DATA FOUND
- Source citation: Work cat.: (NUST): Ahmed Nadeem Qasmi, Qasmi, Ahmed Nadeem, Sailab-o-gardab, 1995
